Online
Catalog

El reloj de oro / (Record no. 19746)

MARC details
000 -CABECERA
campo de control de longitud fija 00816nam a2200217 a 4500
001 - NÚMERO DE CONTROL
campo de control 000020241
005 - FECHA Y HORA DE LA ÚLTIMA TRANSACCIÓN
campo de control 20200929170328.0
008 - DATOS DE LONGITUD FIJA--INFORMACIÓN GENERAL
campo de control de longitud fija 100730s2007 dr 000 0 spa d
020 ## - NÚMERO INTERNACIONAL ESTÁNDAR DEL LIBRO
Número Internacional Estándar del Libro 9789945855173
040 ## - FUENTE DE LA CATALOGACIÓN
Centro catalogador/agencia de origen DO-SdBNP
Lengua de catalogación spa
Centro/agencia transcriptor BNPHU
082 ## - NÚMERO DE LA CLASIFICACIÓN DECIMAL DEWEY
Número de clasificación B869.3
Número de documento/Ítem M149r
049 ## - FONDOS LOCALES (OCLC)
Fondos de biblioteca BNGR
100 1# - ENTRADA PRINCIPAL--NOMBRE DE PERSONA
Nombre de persona Machado de Asís, Joaquín María,
Fechas asociadas al nombre 1839-1908
9 (RLIN) 42853
245 13 - MENCIÓN DE TÍTULO
Título El reloj de oro /
Mención de responsabilidad, etc. Joaquín Machado de Asís.
260 ## - PUBLICACIÓN, DISTRIBUCIÓN, ETC.
Lugar de publicación, distribución, etc. Santo Domingo :
Nombre del editor, distribuidor, etc. Centro de Estudios Brasileños,
-- Ediciones Peralta Domínguez,
Fecha de publicación, distribución, etc. 2007.
300 ## - DESCRIPCIÓN FÍSICA
Extensión 111 p. ;
Dimensiones 17 cm.
505 0# - NOTA DE CONTENIDO CON FORMATO
Título Noche de almirante --
-- La cartomántica --
-- Una señora --
-- Cantiga de esponsales --
-- Misa de gallo --
-- El reloj de oro.
650 #4 - PUNTO DE ACCESO ADICIONAL DE MATERIA--TÉRMINO DE MATERIA
Término de materia o nombre geográfico como elemento de entrada Cuentos brasileños
9 (RLIN) 24191
650 #4 - PUNTO DE ACCESO ADICIONAL DE MATERIA--TÉRMINO DE MATERIA
Término de materia o nombre geográfico como elemento de entrada Literatura brasileña
9 (RLIN) 823
910 ## - DATOS DE OPCIÓN DEL USUARIO (OCLC)
Datos de opción del usuario Validado. Control de calidad EMS
Holdings
Estado de retiro Estado de pérdida Restricciones de uso No para préstamo Código de colección Localización permanente Ubicación/localización actual Ubicación en estantería Fecha de adquisición Número de inventario Total de préstamos Signatura topográfica completa Código de barras Fecha visto por última vez Precio válido a partir de Tipo de ítem Koha
        Patrimonio Dominicano General General Depósito 30.07.2010 LF1   B869.3 M149r 20241-10 25.06.2020 25.06.2020 Libro y Folleto Colección Patrimonio Dominicano

Powered by Koha